banner-ar

الصين / (Record no. 60471)

MARC details
000 -الفاتح
حقل البيانات ثابتة الطول 01215nam a22003017a 4500
005 - وقت وتاريخ اخر تعامل مع التسجيلة
رقم الضبط 20240530110412.0
008 - عناصر البيانات ثابتة الطول - معلومات عامة
حقل البيانات ثابتة الطول 150217s2008 ua obfja 001 0 ara d
017 ## - رقم الايداع القانونى
رقم الايداع القانونى 2978/2008
المصدر ( الهيئة المختصة) مصر . دار الكتب المصرية
020 ## - الرقم الدولى المعيارى للكتب
الرقم الدولى المعيارى للكتاب 9771442570
040 ## - مصدر الفهرسة
وكالة الفهرسة الأصلية EG-CaGPL
041 0# - رمز اللغة
رمز لغة النص/ المسارات الصوتية أو العنوان الانفرادي ara
082 04 - رقم تصنيف ديوى العشرى
رقم الطبعة 21
رقم التصنيف 910.4
رقم المادة ط/ن ن
100 1# - المدخل الرئيسى - إسم شخصى
الإسم الشخصى دلال ، ايه كامالا
الشكل الأكمل للاسم ايه كامالا دلال
245 10 - بيان العنوان
العنوان الصين /
بيان المسئوليه,etc تاليف جن جرين ؛ ترجمة شافعى نصر شافعى ؛اشراف داليا محمد ابراهيم
250 ## - بيان الطبعة
بيان الطبعة ط1
260 ## - PUBLICATION, DISTRIBUTION, ETC. (IMPRINT)
تاريخ النشر أو التوزيع 2008
300 ## - الوصف المادى
التعداد 62 ص :
تفاصيل ماديه اخرى للوعاء ايض ؛
أبعاد الوعاء 28 سم
490 0# - بيان السلسلة
عنوان السلسلة ناشيونال جيوجرافيك : دول العالم
650 04 - المدخل الاضافى بالموضوع-مصطلح موضوعى
مصطلح موضوعي السياحة
651 04 - المدخل الاضافى بالموضوع - اسم جغرافى
الاسم الجغرافي الصين
التقسيم الفرعي العام وصف ورحلات
651 04 - المدخل الاضافى بالموضوع - اسم جغرافى
الاسم الجغرافي الصين
التقسيم الفرعي العام تاريخ
651 04 - المدخل الاضافى بالموضوع - اسم جغرافى
الاسم الجغرافي الصين
التقسيم الفرعي العام الوصف الجغرافى
651 04 - المدخل الاضافى بالموضوع - اسم جغرافى
الاسم الجغرافي الصين
التقسيم الفرعي العام العادات و التقاليد
700 0# - المدخل الاضافى - اسم شخصى
الإسم الشخصى شافعى نصر شافعى
الدور مترجم
700 0# - المدخل الاضافى - اسم شخصى
الإسم الشخصى داليا محمد ابراهيم
الدور مشرف
942 ## - عناصر المدخل الإضافي( كوها)
مصدر التصنيف او مخطط الترفيف Dewey Decimal Classification
Koha [default] item type كتاب
260 ## - PUBLICATION, DISTRIBUTION, ETC. (IMPRINT)
-- القاهرة :
-- نهضة مصر للطباعة والنشر والتوزيع ،
Holdings
حالة التراجع حالة الفقد حالة تلف ليس للاعارة المكان المؤقت الموقع الحالى تاريخ الاكتساب اجمالي اﻻعارات رقم الطلب الباركود تاريخ اخر مشاهدة تاريخ تفعيل السعر نوع وعاء كوها
        مكتبة القاهرة الكبرى مكتبة القاهرة الكبرى 02/17/2015   910.4 ط/ن ن 159527 02/17/2015 02/17/2015 كتاب

Powered By

EGPV